Datum a čas kvízu
27.5
Celkem bodů
Celkový počet nahraných bodů na tomto kvízu bez doplňovacích otázek.
3.
Pořadí na kvízu
Konečné umístění týmu na tomto kvízu.
Zaznamenané odpovědi
| # | Otázka | Odpověď | Body | Výsledky |
|---|---|---|---|---|
| 1. | Bývalá pražská primátorka Adri... | C) detektivní román | 1 | |
| 2. | Pomoc bližním v nouzi může mít... | posílá dárcům své nahé fotky | 1 | |
| 3. | V pondělí jsme se dozvěděli, k... | 1917, Tenkrát v Hollywoodu | 0.5 | |
| 4. | Český forenzní biochemik Jan H... | analýza potu | 1 | |
| 5. | Ve čtvrtek začalo mistrovství... | o házené (mužů) | 1 | |
| 6. | Rožnovský tým Kačeři vyhrál mo... | Dave Gahan | 1 | |
| 7. | Která skladba "Depešáků" je ne... | Enjoy the Silence | 1 | |
| 8. | Podle čeho si tato kapela vybr... | B) podle časopisu | 0 | |
| 9. | Gary Numan, Ultravox, Devo...... | synthpop / synthrock | 1 | |
| 10. | Depešáci ovlivnili řadu hudebn... | Shalom | 1 |